| 000 | 00919nam a22002177a 4500 | ||
|---|---|---|---|
| 999 |
_c17680 _d17680 |
||
| 003 | AR-CdUCM | ||
| 008 | 190328b ||||| |||| 00| 0 spa d | ||
| 040 |
_aMUNICIPALIDAD PROVINCIAL DEL CUSCO _cBIBLIOTECA MUNICIPAL DEL CUSCO |
||
| 082 |
_a376.4 / _bR97 _22ed. |
||
| 100 |
_aRuttman, W. J. _926177 |
||
| 245 | _aOrientación profesional / | ||
| 260 |
_aMéxico : _bNacional, _c1947. |
||
| 300 |
_a163 páginas ; _c19 cm. |
||
| 505 | _aContenido : Postulados de la capacidad de rendimiento -- Formas sociales de la producción de trabajo -- Economía de la producción del trabajo -- Postulados psicológicos de la aptitud para el trabajo -- Exploración de las aptitudes profesionales ... | ||
| 650 |
_aOrientación _915958 |
||
| 650 |
_aCampo laboral _926178 |
||
| 650 |
_aProfesionalismo _926179 |
||
| 700 |
_aVallejo Nágera, D. Antonio (traducción) _937818 |
||
| 942 |
_2ddc _cLIBROS |
||
| 945 |
_arum _d2019-05-09 |
||